Steps to freedom and mastery : (Record no. 78075)
[ view plain ]
| 000 -LEADER | |
|---|---|
| fixed length control field | 00665nam a22001937a 4500 |
| 005 - DATE AND TIME OF LATEST TRANSACTION | |
| control field | 20130913145852.0 |
| 010 ## - LCCN (DPL NO) | |
| LC control number | ENG-108150 |
| 020 ## - INTERNATIONAL STANDARD BOOK NUMBER | |
| International Standard Book Number | 9788170580231 |
| Terms of availability | 70.00 |
| 035 ## - SYSTEM CONTROL NUMBER | |
| System control number | EN-91683 |
| 037 ## - SOURCE OF ACQUISITION | |
| Source of stock number/acquisition | DBAD/PUB |
| 082 ## - DEWEY DECIMAL CLASSIFICATION NUMBER | |
| Classification number | 181.499 |
| 245 ## - TITLE STATEMENT | |
| Title | Steps to freedom and mastery : |
| Statement of responsibility, etc | compiled by A.S. Das |
| Remainder of title | selection from the works of Sri Auorbindo and the Mother / |
| 260 ## - PUBLICATION, DISTRIBUTION, ETC. (IMPRINT) | |
| Place of publication, distribution, etc | Pondicherry |
| Name of publisher, distributor, etc | Sri Aurobindo Ashram |
| Date of publication, distribution, etc | 2012 |
| 270 ## - ADDRESS | |
| City | Pondicherry |
| Postal code | 605002 |
| Address | Sri Aurobindo Ashram Publication Department |
| 300 ## - PHYSICAL DESCRIPTION | |
| Extent | xxviii,181p. |
| Dimensions | 20cm(pbk) |
| 500 ## - GENERAL NOTE | |
| General note | Includes bibliographical references |
| 700 ## - ADDED ENTRY--PERSONAL NAME | |
| Personal name | Das, A.S. |
| 942 ## - ADDED ENTRY ELEMENTS (KOHA) | |
| Source of classification or shelving scheme | Dewey Decimal Classification |
| Item type | English Books |
| Call number suffix | STE |
| Classification part | 181.499 |
| Withdrawn status | Lost status | Not for loan | Collection code | Home library | Current library | Date acquired | Source of acquisition | Cost, normal purchase price | Full call number | Barcode | Copy number | Cost, replacement price | Koha item type |
|---|---|---|---|---|---|---|---|---|---|---|---|---|---|
| Not For Loan | Non-fiction | D.B.Act.Division | D.B.Act.Division | 26/07/2013 | DBAD/PUB | 70.00 | 181.499 STE | EN-91683 | 1 | 70.00 | English Books |
